Easy Maths - Statistics

General Stats
  • This quiz has been taken 114 times
  • The average score is 12 of 13
Answer Stats
Hint Answer % Correct
(2 x 1) -3 -1
100%
5 + 7 12
100%
8 + 9 17
98%
1 - 5 -4
98%
7-3 4
98%
15 x 1 15
97%
22 - 3 19
97%
4 x 2 8
97%
19 +7 26
96%
14 + 9 23
95%
18/3 6
95%
14 + (3 x 2) 20
89%
4(3+1) 16
87%
No matching quizzes found
Score Distribution
Percent of People with Each Score
Percentile by Number Answered
Your Score History
You have not taken this quiz